000 004770000a22001330004500
090 _aAS
_bSEREADAS
245 1 0 _aPlantas como evidencia legal. Desarrollo de la botánica forense en Colombia
041 0 _aEspañol
700 1 _aGalindo Bonilla, A.
_9100443
700 1 _aIdrobo, J. M.
_9100444
100 1 _aFernández Alonso, J. L.
_9100445
942 _cARTICULO
773 1 _tRevista de la Academia Colombiana de Ciencias Exactas, Físicas y Naturales
_h119
_q181-198 p.
_d2007
_g31
999 _c16250
_d16250